Wirtschaftsinformatik Beiträge zur modernen Unternehmensführung. Festschrift zum 60. Geburtstag von Franz Steffens

Gespeichert in:
Bibliographische Detailangaben
Weitere Verfasser: Niedereichholz, Joachim, Schuhmann, Werner
Format: Buch
Sprache:Deutsch
Veröffentlicht: Frankfurt am Main Campus 1993
Ausgabe:1. Aufl.
Schlagworte:
Tags: Tag hinzufügen
Keine Tags, Fügen Sie das erste Tag hinzu!

MARC

LEADER 00000nam a2200000 4500
001 c012067
005 20221206075727.4
020 |a 3-593-34893-4 
041 0 |a ger 
044 |a DE 
245 1 0 |a Wirtschaftsinformatik  |b Beiträge zur modernen Unternehmensführung. Festschrift zum 60. Geburtstag von Franz Steffens  |c Edit. Joachim Niedereichholz, Werner Schuhmann 
250 |a 1. Aufl. 
264 1 |a Frankfurt am Main  |b Campus  |c 1993 
300 |a 256 s. 
610 2 0 |a informatika ekonomická 
610 2 0 |a riadenie podnikové 
610 2 0 |a systémy informačné 
610 2 0 |a manažment informačný 
610 2 0 |a siete neurónové 
700 1 |a Niedereichholz, Joachim 
700 1 |a Schuhmann, Werner